LEADER 01571nam a2200361 a 4500 001 000000124582 003 CaOOAMICUS 005 20110404122749.0 008 110308s1998 it f u000 udita r 020 $a88-16-40480-9 040 $aPUL$bita 041 1 $aita$hfre 082 04$a271 100 1 $aPernoud, Régine,$d1909-1998.$0(OLS)http://pul/name/13015 240 10$aSpiritualité de Jeanne d'Arc.$lItaliano.$0(OLS)http://pul/title/157052 245 13$aLa spiritualità di Giovanna d'Arco /$cRégine Pernoud ; presentazione di Inos Biffi. 260 $aMilano :$bJaca Book,$c©1998. 300 $axiv, 103 p. :$btav. cronolog. ;$c23 cm 490 1 $aDi fronte e attraverso ;$v480 490 1 $aBiblioteca di cultura medievale 504 $aContiene riferimenti bibliografici ed indice. 600 04$aJohanna Arcensis,$cs.,$d1412-1432.$0(OLS)http://pul/subject/13405 700 1 $aBiffi, Inos,$csac.,$d1934-$0(OLS)http://pul/name/1663 830 0$aBiblioteca di cultura medievale.$0(OLS)http://pul/title/2253 830 0$aDi fronte e attraverso ;$v480.$0(OLS)http://pul/title/138 850 $aPUL 852 $aPUL$W1$xSL Religione 3$y85$m271 COLL 1.480$j143465$qDDC 21$B142494$CPULBib$Z2$F142494 $H115463 $82 941 1 $a9 996 $6020$a88-16-40480-9$9(OLS)http://pul/number/146594 996 $6082$a271$9(OLS)http://pul/classification/284 996 $6245$aLa spiritualità di Giovanna d'Arco$9(OLS)http://pul/title/157053 996 $6260$aMilano :$bJaca Book$9(OLS)http://pul/publisher/47900 LEADER 01108naa a2200253 u 4500 001 000000102319 003 CaOOAMICUS 005 20070226130211.0 008 060328s1995 it u000 u ita u 035 $a11083407 040 $aIAR$bita 041 0 $aita$bger 100 1 $aSeidl, Horst.$0(OLS)http://pul/name/21091 245 13$aLe condizioni dell'amicizia oggi /$cHorst Seidl. 260 $aMerano/Meran :$bIst.culturale italo-tedesco,$c[1995] 300 $aS. 405-445 ;$c25 cm 500 $adeutsche Zusammenfassung 500 $aIAR: FF-117.22 773 0 $aDer Begriff Freundschaft. 773 0 $aIl concetto di amicizia. 773 0 $aDeutsch-italienisches Kulturinstitut in Südtirol; Akten.$gXXII (1994) 773 0 $aAccademia di studi italo-tedeschi (Merano)$tIl concetto di amicizia nella storia della cultura europea = Atti del XXII convegno internazionale di italo-tedeschi. Merano, 9-11 maggio 1994$gXXII (1994)$w()25106 996 $6245$aLe condizioni dell'amicizia oggi$9(OLS)http://pul/title/129227 996 $6260$aMerano/Meran :$bIst.culturale italo-tedesco$9(OLS)http://pul/publisher/79184